| 000 | 00635nam a22002177a 4500 | ||
|---|---|---|---|
| 999 |
_c14573 _d14573 |
||
| 003 | MIRAKIL | ||
| 005 | 20211214000620.0 | ||
| 008 | 211025b tu ||||| |||| 00| 0 tur d | ||
| 020 | _a9789756047071 | ||
| 040 |
_aTR-AnCHP _btur _cTR-AnCHP |
||
| 041 | _atur | ||
| 082 |
_a320.9561 _bY44s 2007 |
||
| 100 | _aYıldırım, Mustafa | ||
| 245 |
_aSavaşmadan yenilmek/ _cMustafa Yıldırım. |
||
| 260 |
_aAnkara: _bUlus Dağı yayınları, _c2007. |
||
| 300 |
_a280 s.: _c19 sm. |
||
| 650 | 0 |
_aSiyaset ve yönetim _xTürkiye _99 |
|
| 651 |
_aTürkiye _xDış politika |
||
| 651 |
_aTürkiye _xUluslararası ilişkiler |
||
| 942 |
_2ddc _cBKS |
||